| 000 | 00883nam a2200265 i 4500 | ||
|---|---|---|---|
| 001 | bg | ||
| 245 | 0 | 0 |
_aWokół problemów działania społecznego : _bwybór tekstów i przykładów projektów działania / _cwybór i oprac. Ewa Marynowicz-Hetka, Jacek Piekarski. |
| 260 |
_aWarszawa : _b"Śląsk", _c1998. |
||
| 300 |
_a230, [2] s. ; _c21 cm. |
||
| 490 | 1 | _aBiblioteka Pracownika Socjalnego | |
| 500 | _aTekst częśc. tł. z niem. | ||
| 650 | 9 |
_aOpieka społeczna _xprojekty _zEuropa |
|
| 650 | 9 |
_aOpieka społeczna _xteoria |
|
| 650 | 9 | _aPrakseologia | |
| 700 | 1 |
_aMARYNOWICZ-HETKA, Ewa. _eOprac. |
|
| 700 | 1 |
_aPIEKARSKI, Jacek. _eOprac. |
|
| 830 | _aBiblioteka Pracownika Socjalnego | ||
| 020 | _a8371641109 | ||
| 040 | _cBPK | ||
| 041 | 1 |
_apl _hde |
|
| 080 | _a364(4):65.011 | ||
| 920 | _a83-7164-110-9 | ||
| 942 | _cKS | ||
| 008 | s pl f |000 0 pol | ||
| 999 |
_c38515 _d38515 |
||
| 856 |
_uhttp://koha.tu.koszalin.pl/cgi-bin/koha/opac-detail.pl?biblionumber=38515 _yKatalog online BPK |
||